[Event "PMPJ 2022 - C15"]
[Site "Jastrzebia Gora"]
[Date "2022.11.12"]
[Round "8.6"]
[White "Stepinski, Piotr"]
[Black "Lonski, Aleksander"]
[Result "1/2-1/2"]
[BlackElo "1656"]
[WhiteElo "1663"]
[LiveChessVersion "1.4.4"]

1. e4 {[%clk 1:30:45]} c5 {[%clk 1:30:58]} 2. Nf3 {[%clk 1:31:09]} g6
{[%clk 1:31:16]} 3. d4 {[%clk 1:31:36]} cxd4 {[%clk 1:31:41]} 4. Qxd4
{[%clk 1:32:02]} Nf6 {[%clk 1:32:03]} 5. Nc3 {[%clk 1:32:29]} Nc6
{[%clk 1:32:24]} 6. Qa4 {[%clk 1:32:58]} d6 {[%clk 1:31:22]} 7. e5
{[%clk 1:33:24]} dxe5 {[%clk 1:31:39]} 8. Nxe5 {[%clk 1:33:52]} Bd7
{[%clk 1:31:56]} 9. Nxd7 {[%clk 1:34:20]} Qxd7 {[%clk 1:31:22]} 10. Be3
{[%clk 1:34:44]} Bg7 {[%clk 1:29:55]} 11. Rd1 {[%clk 1:34:53]} Qc8
{[%clk 1:28:49]} 12. Be2 {[%clk 1:34:48]} O-O {[%clk 1:28:21]} 13. O-O
{[%clk 1:35:11]} a6 {[%clk 1:16:34]} 14. Qf4 {[%clk 1:25:05]} b5 {[%clk 0:53:53]}
15. Bf3 {[%clk 1:23:16]} Rb8 {[%clk 0:53:14]} 16. Qg3 {[%clk 1:08:11]} Re8
{[%clk 0:46:10]} 17. h3 {[%clk 0:59:05]} e5 {[%clk 0:38:22]} 18. Nd5
{[%clk 0:53:57]} Nxd5 {[%clk 0:36:36]} 19. Bxd5 {[%clk 0:53:53]} Nd4
{[%clk 0:35:19]} 20. Bxd4 {[%clk 0:49:01]} exd4 {[%clk 0:35:19]} 21. Qf3
{[%clk 0:48:56]} Qc7 {[%clk 0:34:35]} 22. Rfe1 {[%clk 0:47:58]} Rbd8
{[%clk 0:32:10]} 23. g3 {[%clk 0:44:13]} Rf8 {[%clk 0:18:00]} 24. Bb3
{[%clk 0:44:11]} Qd7 {[%clk 0:16:29]} 25. Kg2 {[%clk 0:43:15]} a5
{[%clk 0:13:20]} 26. a3 {[%clk 0:42:45]} Qd6 {[%clk 0:10:50]} 27. Re2
{[%clk 0:31:39]} Bf6 {[%clk 0:08:39]} 28. h4 {[%clk 0:30:07]} h5 {[%clk 0:06:22]}
29. Qb7 {[%clk 0:24:20]} Qc5 {[%clk 0:05:06]} 30. Qe4 {[%clk 0:24:10]} Kg7
{[%clk 0:05:10]} 31. Qd3 {[%clk 0:23:21]} Rde8 {[%clk 0:04:41]} 32. Rde1
{[%clk 0:22:57]} Rxe2 {[%clk 0:04:43]} 33. Rxe2 {[%clk 0:23:26]} Qc6+
{[%clk 0:04:39]} 34. Kg1 {[%clk 0:15:43]} Re8 {[%clk 0:04:25]} 35. Rxe8
{[%clk 0:15:38]} Qxe8 {[%clk 0:04:50]} 36. Kf1 {[%clk 0:16:01]} Qc6
{[%clk 0:04:45]} 37. Kg1 {[%clk 0:16:02]} Qe8 {[%clk 0:05:03]} 38. Qd2
{[%clk 0:16:18]} a4 {[%clk 0:04:43]} 39. Bd5 {[%clk 0:16:25]} Qe5
{[%clk 0:04:29]} 40. Bf3 {[%clk 0:16:29]} Qc5 {[%clk 0:04:06]} 41. Be2
{[%clk 0:16:32]} Be7 {[%clk 0:03:54]} 42. c3 {[%clk 0:15:22]} dxc3
{[%clk 0:04:02]} 43. Qxc3+ {[%clk 0:15:49]} Qxc3 {[%clk 0:04:25]} 44. bxc3
{[%clk 0:16:18]} Bxa3 {[%clk 0:04:42]} 45. Bxb5 {[%clk 0:16:42]} Bb2
{[%clk 0:05:06]} 46. Bxa4 {[%clk 0:17:10]} Bxc3 {[%clk 0:05:29]} 1/2-1/2

[Event "PMPJ 2022 - C15"]
[Site "Jastrzebia Gora"]
[Date "2022.11.12"]
[Round "8.7"]
[White "Garwacki, Kornel"]
[Black "Szymkiewicz, Witold"]
[Result "0-1"]
[BlackElo "1658"]
[WhiteElo "1613"]
[LiveChessVersion "1.4.4"]

1. e4 {[%clk 1:30:58]} c6 {[%clk 1:30:55]} 2. d4 {[%clk 1:31:25]} d5
{[%clk 1:31:20]} 3. Nc3 {[%clk 1:31:54]} dxe4 {[%clk 1:31:42]} 4. Nxe4
{[%clk 1:32:22]} Nf6 {[%clk 1:31:55]} 5. Nxf6+ {[%clk 1:32:49]} exf6
{[%clk 1:32:07]} 6. Bc4 {[%clk 1:33:11]} Bd6 {[%clk 1:32:13]} 7. Qe2+
{[%clk 1:33:36]} Be7 {[%clk 1:31:57]} 8. Nf3 {[%clk 1:32:53]} O-O
{[%clk 1:31:45]} 9. Be3 {[%clk 1:31:09]} Re8 {[%clk 1:30:59]} 10. O-O
{[%clk 1:27:44]} Bg4 {[%clk 1:29:50]} 11. h3 {[%clk 1:22:41]} Bh5
{[%clk 1:29:40]} 12. g4 {[%clk 1:21:47]} Bg6 {[%clk 1:30:03]} 13. Nh4
{[%clk 1:20:27]} Be4 {[%clk 1:28:29]} 14. Bd3 {[%clk 1:15:03]} Bd6
{[%clk 1:24:28]} 15. Nf5 {[%clk 1:08:05]} Bc7 {[%clk 1:20:44]} 16. Bxe4
{[%clk 1:04:03]} Rxe4 {[%clk 1:21:12]} 17. Qd3 {[%clk 1:02:29]} Re8
{[%clk 1:10:23]} 18. Rfe1 {[%clk 1:00:30]} Nd7 {[%clk 1:03:05]} 19. Bd2
{[%clk 0:58:44]} Nf8 {[%clk 0:59:10]} 20. Rxe8 {[%clk 0:55:53]} Qxe8
{[%clk 0:59:39]} 21. Re1 {[%clk 0:55:44]} Ne6 {[%clk 0:57:57]} 22. Qe4
{[%clk 0:52:37]} Qd7 {[%clk 0:55:50]} 23. c3 {[%clk 0:46:26]} g6 {[%clk 0:53:28]}
24. Ng3 {[%clk 0:43:53]} Rd8 {[%clk 0:52:50]} 25. Qf3 {[%clk 0:39:39]} Bxg3
{[%clk 0:49:00]} 26. fxg3 {[%clk 0:38:55]} c5 {[%clk 0:37:52]} 27. Qxf6
{[%clk 0:38:22]} cxd4 {[%clk 0:38:15]} 28. h4 {[%clk 0:35:06]} Qd6
{[%clk 0:35:17]} 29. Kh2 {[%clk 0:33:16]} Nc7 {[%clk 0:30:45]} 30. Bg5
{[%clk 0:25:42]} Rd7 {[%clk 0:28:29]} 31. Qxd6 {[%clk 0:23:16]} Rxd6
{[%clk 0:28:57]} 32. Bf4 {[%clk 0:21:59]} Re6 {[%clk 0:27:38]} 33. Rxe6
{[%clk 0:21:14]} Nxe6 {[%clk 0:28:06]} 34. cxd4 {[%clk 0:21:33]} Nxd4
{[%clk 0:28:31]} 35. Be3 {[%clk 0:21:11]} Nc6 {[%clk 0:28:36]} 36. Kg2
{[%clk 0:18:52]} a6 {[%clk 0:28:55]} 37. Bc5 {[%clk 0:18:22]} f6 {[%clk 0:27:00]}
38. b3 {[%clk 0:14:34]} Kf7 {[%clk 0:27:19]} 39. g5 {[%clk 0:13:27]} fxg5
{[%clk 0:27:24]} 40. hxg5 {[%clk 0:13:52]} Ne5 {[%clk 0:27:24]} 41. Be3
{[%clk 0:13:25]} Ke6 {[%clk 0:27:29]} 42. Bf4 {[%clk 0:12:48]} Kf5
{[%clk 0:22:39]} 43. Kf2 {[%clk 0:10:37]} Nf7 {[%clk 0:22:45]} 44. a4
{[%clk 0:09:46]} Nxg5 {[%clk 0:23:03]} 45. Bb8 {[%clk 0:09:18]} Ne4+
{[%clk 0:23:18]} 46. Ke3 {[%clk 0:08:45]} Nc5 {[%clk 0:21:44]} 47. a5
{[%clk 0:06:29]} Nxb3 {[%clk 0:21:40]} 48. Bc7 {[%clk 0:06:50]} Nc5
{[%clk 0:22:06]} 49. Kf3 {[%clk 0:06:08]} h5 {[%clk 0:22:17]} 50. Bb6
{[%clk 0:06:17]} Nd7 {[%clk 0:22:40]} 51. Bc7 {[%clk 0:06:35]} g5
{[%clk 0:22:51]} 52. Bd6 {[%clk 0:06:46]} Ne5+ {[%clk 0:23:13]} 53. Kg2
{[%clk 0:06:47]} Nc4 {[%clk 0:23:35]} 54. Bc7 {[%clk 0:07:08]} Kg4
{[%clk 0:23:07]} 55. Bd8 {[%clk 0:07:20]} Ne3+ {[%clk 0:23:01]} 56. Kf2
{[%clk 0:07:32]} Nf5 {[%clk 0:23:28]} 57. Bc7 {[%clk 0:07:41]} Kh3
{[%clk 0:23:06]} 58. Be5 {[%clk 0:07:32]} Kg4 {[%clk 0:21:40]} 59. Bc7
{[%clk 0:07:41]} Ne7 {[%clk 0:21:34]} 60. Bb8 {[%clk 0:07:25]} Nd5
{[%clk 0:21:43]} 61. Bd6 {[%clk 0:07:25]} b6 {[%clk 0:21:45]} 62. axb6
{[%clk 0:07:25]} Nxb6 {[%clk 0:22:09]} 63. Kg2 {[%clk 0:07:23]} a5
{[%clk 0:22:29]} 64. Bc5 {[%clk 0:07:33]} Nc4 {[%clk 0:22:53]} 65. Be7
{[%clk 0:07:46]} a4 {[%clk 0:23:17]} 66. Bf6 {[%clk 0:07:56]} Nd2
{[%clk 0:23:15]} 67. Bc3 {[%clk 0:08:11]} Ne4 {[%clk 0:23:21]} 68. Be5
{[%clk 0:08:35]} a3 {[%clk 0:23:44]} 69. Kh2 {[%clk 0:08:46]} a2 0-1

[Event "PMPJ 2022 - C15"]
[Site "Jastrzebia Gora"]
[Date "2022.11.12"]
[Round "8.8"]
[White "Duda, Leon"]
[Black "Skrzypinski, Jan"]
[Result "0-1"]
[BlackElo "1490"]
[WhiteElo "1621"]
[LiveChessVersion "1.4.4"]

1. e4 {[%clk 1:30:59]} c5 {[%clk 1:30:57]} 2. Nf3 {[%clk 1:31:26]} d6
{[%clk 1:31:24]} 3. d4 {[%clk 1:31:52]} cxd4 {[%clk 1:31:51]} 4. Nxd4
{[%clk 1:32:18]} Nf6 {[%clk 1:32:17]} 5. Nc3 {[%clk 1:32:44]} a6 {[%clk 1:32:44]}
6. Be2 {[%clk 1:33:04]} e5 {[%clk 1:33:09]} 7. Nb3 {[%clk 1:33:28]} Be6
{[%clk 1:33:34]} 8. Be3 {[%clk 1:33:22]} Be7 {[%clk 1:33:56]} 9. O-O
{[%clk 1:32:16]} O-O {[%clk 1:34:14]} 10. Qd2 {[%clk 1:28:14]} Nbd7
{[%clk 1:33:50]} 11. a4 {[%clk 1:27:38]} Rc8 {[%clk 1:32:56]} 12. a5
{[%clk 1:27:19]} Ng4 {[%clk 1:29:30]} 13. Bxg4 {[%clk 1:23:06]} Bxg4 14. Nd5
{[%clk 1:13:07]} Be6 {[%clk 1:25:48]} 15. Qd3 {[%clk 0:59:23]} Bxd5
{[%clk 1:26:02]} 16. exd5 {[%clk 0:59:14]} f5 {[%clk 1:24:34]} 17. c4
{[%clk 0:54:34]} Qe8 {[%clk 1:23:45]} 18. f4 {[%clk 0:47:48]} e4 {[%clk 1:20:03]}
19. Qe2 {[%clk 0:47:12]} Bf6 {[%clk 1:20:01]} 20. Bd4 {[%clk 0:46:40]} Bxd4+
{[%clk 1:15:16]} 21. Nxd4 {[%clk 0:47:08]} Nc5 {[%clk 1:15:34]} 22. Qe3
{[%clk 0:41:56]} Rf6 {[%clk 1:15:12]} 23. b3 {[%clk 0:38:37]} Qh5
{[%clk 1:13:13]} 24. Ra2 {[%clk 0:36:38]} Rh6 {[%clk 1:11:22]} 25. g3
{[%clk 0:36:58]} Rf6 {[%clk 1:11:47]} 26. Qc3 {[%clk 0:28:55]} Qf7
{[%clk 1:07:49]} 27. Rb1 {[%clk 0:25:42]} Nd3 {[%clk 1:07:05]} 28. Rc2
{[%clk 0:23:53]} h5 {[%clk 1:06:00]} 29. Ne6 {[%clk 0:21:10]} h4 {[%clk 1:05:01]}
30. Qd4 {[%clk 0:05:23]} hxg3 {[%clk 1:04:26]} 31. hxg3 {[%clk 0:05:33]} Rh6
{[%clk 1:03:41]} 32. Rh2 {[%clk 0:02:39]} Rxh2 {[%clk 1:02:57]} 33. Kxh2
{[%clk 0:03:07]} Qh5+ {[%clk 1:03:22]} 34. Kg1 {[%clk 0:03:19]} Qg4
{[%clk 1:03:44]} 35. Kg2 {[%clk 0:01:00]} Kf7 {[%clk 1:01:17]} 36. Ng5+
{[%clk 0:01:00]} Kg6 {[%clk 1:01:31]} 37. Qe3 {[%clk 0:00:50]} Rh8
{[%clk 1:01:36]} 38. Rh1 {[%clk 0:00:46]} Nxf4+ {[%clk 1:01:55]} 39. Qxf4
{[%clk 0:00:35]} Qe2+ {[%clk 1:02:21]} 40. Qf2 {[%clk 0:00:38]} Qxf2+
{[%clk 1:02:47]} 41. Kxf2 {[%clk 0:01:03]} Rxh1 {[%clk 1:03:12]} 42. Ne6
{[%clk 0:01:18]} Rb1 {[%clk 1:02:55]} 43. Nd4 {[%clk 0:00:50]} Kf6
{[%clk 1:03:21]} 44. Ke3 {[%clk 0:00:41]} Ke5 {[%clk 1:03:45]} 45. c5
{[%clk 0:00:33]} dxc5 {[%clk 1:04:06]} 0-1

[Event "PMPJ 2022 - C15"]
[Site "Jastrzebia Gora"]
[Date "2022.11.12"]
[Round "8.9"]
[White "Nagly, Wojciech"]
[Black "Krol, Jan"]
[Result "1-0"]
[BlackElo "1804"]
[WhiteElo "1559"]
[LiveChessVersion "1.4.4"]

1. e4 {[%clk 1:29:29]} c5 {[%clk 1:30:55]} 2. Nf3 {[%clk 1:29:24]} d6
{[%clk 1:31:14]} 3. d4 {[%clk 1:28:59]} cxd4 {[%clk 1:30:37]} 4. Nxd4
{[%clk 1:29:16]} Nf6 {[%clk 1:29:04]} 5. Nc3 {[%clk 1:29:32]} a6 {[%clk 1:28:35]}
6. Be3 {[%clk 1:29:47]} Ng4 {[%clk 1:21:52]} 7. Qd2 {[%clk 1:25:46]} Nxe3
{[%clk 1:20:36]} 8. Qxe3 {[%clk 1:25:35]} g6 {[%clk 1:20:00]} 9. O-O-O
{[%clk 1:24:46]} Bg7 {[%clk 1:18:27]} 10. Bc4 {[%clk 1:20:18]} Nc6
{[%clk 1:14:28]} 11. Nxc6 {[%clk 1:18:45]} bxc6 {[%clk 1:14:37]} 12. f4
{[%clk 1:16:28]} Qa5 {[%clk 1:11:34]} 13. h3 {[%clk 1:11:34]} Rb8
{[%clk 0:59:58]} 14. Bb3 {[%clk 1:09:42]} O-O {[%clk 0:58:26]} 15. g4
{[%clk 1:09:27]} Be6 {[%clk 0:57:57]} 16. f5 {[%clk 0:55:04]} Bxb3
{[%clk 0:53:05]} 17. cxb3 {[%clk 0:55:03]} Bxc3 {[%clk 0:52:57]} 18. Qxc3
{[%clk 0:55:19]} Qxa2 {[%clk 0:52:56]} 19. Kc2 {[%clk 0:55:42]} Rb5
{[%clk 0:49:59]} 20. Ra1 {[%clk 0:55:50]} Qxa1 {[%clk 0:50:13]} 21. Rxa1
{[%clk 0:56:15]} Rc5 {[%clk 0:50:39]} 22. Qxc5 {[%clk 0:56:33]} dxc5
{[%clk 0:51:04]} 23. Rxa6 {[%clk 0:56:59]} Rc8 {[%clk 0:35:39]} 24. Kc3
{[%clk 0:57:19]} Kg7 {[%clk 0:24:09]} 25. Kc4 {[%clk 0:56:53]} gxf5
{[%clk 0:09:23]} 26. exf5 {[%clk 0:57:04]} h5 {[%clk 0:08:08]} 27. Kxc5
{[%clk 0:57:10]} h4 {[%clk 0:07:13]} 28. Rxc6 {[%clk 0:56:55]} Rd8
{[%clk 0:07:40]} 29. Kb4 {[%clk 0:54:23]} Rd2 {[%clk 0:07:45]} 30. Ka3
{[%clk 0:54:30]} e5 {[%clk 0:07:05]} 31. fxe6 {[%clk 0:54:18]} fxe6
{[%clk 0:07:34]} 32. b4 {[%clk 0:53:55]} e5 {[%clk 0:06:54]} 33. b5
{[%clk 0:53:42]} e4 {[%clk 0:06:06]} 34. b6 {[%clk 0:52:31]} e3 {[%clk 0:04:54]}
35. b7 {[%clk 0:52:08]} e2 {[%clk 0:03:16]} 36. b8=Q {[%clk 0:51:25]} e1=Q
{[%clk 0:02:59]} 37. Qb7+ {[%clk 0:51:49]} 1-0

[Event "PMPJ 2022 - C15"]
[Site "Jastrzebia Gora"]
[Date "2022.11.12"]
[Round "8.10"]
[White "Pieczulis, Hubert"]
[Black "Grzebieniowski, Michal"]
[Result "1/2-1/2"]
[BlackElo "1665"]
[WhiteElo "1412"]
[LiveChessVersion "1.4.4"]

1. d4 {[%clk 1:30:53]} c5 {[%clk 1:30:56]} 2. d5 {[%clk 1:31:14]} e6
{[%clk 1:31:22]} 3. c4 {[%clk 1:31:36]} exd5 {[%clk 1:31:47]} 4. cxd5
{[%clk 1:32:01]} d6 {[%clk 1:32:11]} 5. Nc3 {[%clk 1:32:16]} Nf6 {[%clk 1:32:32]}
6. e4 {[%clk 1:32:11]} g6 {[%clk 1:32:56]} 7. f4 {[%clk 1:32:10]} Bg7
{[%clk 1:33:17]} 8. Nf3 {[%clk 1:31:13]} O-O {[%clk 1:33:37]} 9. Bd3
{[%clk 1:31:00]} Re8 {[%clk 1:33:45]} 10. O-O {[%clk 1:30:06]} Na6
{[%clk 1:32:46]} 11. Re1 {[%clk 1:24:14]} Nc7 {[%clk 1:33:05]} 12. h3
{[%clk 1:19:37]} a6 {[%clk 1:32:54]} 13. a4 {[%clk 1:19:00]} b6 {[%clk 1:32:58]}
14. Bc4 {[%clk 1:16:41]} Nd7 {[%clk 1:23:22]} 15. Qc2 {[%clk 1:12:08]} Rb8
{[%clk 1:21:46]} 16. Qd3 {[%clk 1:08:06]} Kh8 {[%clk 1:04:27]} 17. Ng5
{[%clk 0:59:13]} Kg8 {[%clk 1:00:30]} 18. Bd2 {[%clk 0:56:31]} b5
{[%clk 0:55:50]} 19. axb5 {[%clk 0:54:56]} axb5 {[%clk 0:56:14]} 20. Nxb5
{[%clk 0:55:05]} Nxb5 {[%clk 0:56:17]} 21. Bxb5 {[%clk 0:55:30]} Bxb2
{[%clk 0:56:36]} 22. Rab1 {[%clk 0:55:30]} Bf6 {[%clk 0:55:46]} 23. Nf3
{[%clk 0:55:38]} Re7 {[%clk 0:50:39]} 24. Bc3 {[%clk 0:52:52]} Bxc3
{[%clk 0:49:37]} 25. Qxc3 {[%clk 0:53:18]} Nb6 {[%clk 0:49:44]} 26. Bc6
{[%clk 0:51:05]} Bb7 {[%clk 0:46:19]} 27. Bb5 {[%clk 0:47:59]} Qc7
{[%clk 0:40:25]} 28. Rbd1 {[%clk 0:46:11]} Ba8 {[%clk 0:39:37]} 29. Bc4
{[%clk 0:44:42]} Na4 {[%clk 0:35:04]} 30. Qc2 {[%clk 0:42:40]} Rb4
{[%clk 0:34:12]} 31. Ra1 {[%clk 0:41:07]} Nb6 {[%clk 0:34:37]} 32. Bf1
{[%clk 0:40:44]} c4 {[%clk 0:30:57]} 33. Kh1 {[%clk 0:39:35]} Bb7
{[%clk 0:30:13]} 34. Reb1 {[%clk 0:35:38]} Rxb1 {[%clk 0:28:37]} 35. Rxb1
{[%clk 0:35:55]} Qc5 {[%clk 0:29:03]} 36. Rc1 {[%clk 0:34:01]} Rc7
{[%clk 0:29:14]} 37. Qc3 {[%clk 0:33:37]} Na4 {[%clk 0:25:58]} 38. Qf6
{[%clk 0:30:53]} c3 {[%clk 0:25:37]} 39. Nd4 {[%clk 0:27:24]} Rc8
{[%clk 0:21:59]} 40. Nb5 {[%clk 0:23:37]} Qe3 {[%clk 0:22:10]} 41. Nxd6
{[%clk 0:23:25]} Rf8 {[%clk 0:21:35]} 42. Nf5 {[%clk 0:13:27]} gxf5
{[%clk 0:21:53]} 43. Qg5+ {[%clk 0:13:51]} 1/2-1/2

[Event "PMPJ 2022 - C15"]
[Site "Jastrzebia Gora"]
[Date "2022.11.12"]
[Round "8.11"]
[White "Bochenek, Ryszard"]
[Black "Trochimczuk, Szymon"]
[Result "0-1"]
[BlackElo "1630"]
[WhiteElo "1437"]
[LiveChessVersion "1.4.4"]

1. e4 {[%clk 1:30:56]} c6 {[%clk 1:30:58]} 2. d4 {[%clk 1:31:21]} d5
{[%clk 1:31:24]} 3. Nc3 {[%clk 1:31:48]} dxe4 {[%clk 1:31:49]} 4. Nxe4
{[%clk 1:32:15]} Nf6 {[%clk 1:32:12]} 5. Nxf6+ {[%clk 1:32:42]} exf6
{[%clk 1:32:36]} 6. c3 {[%clk 1:33:06]} Bd6 {[%clk 1:32:57]} 7. Bd3
{[%clk 1:33:28]} O-O {[%clk 1:33:17]} 8. Qc2 {[%clk 1:33:51]} Re8+
{[%clk 1:33:37]} 9. Ne2 {[%clk 1:34:18]} h5 {[%clk 1:34:02]} 10. Bd2
{[%clk 1:33:19]} h4 {[%clk 1:33:20]} 11. f3 {[%clk 1:31:07]} Nd7 {[%clk 1:32:29]}
12. O-O-O {[%clk 1:30:46]} Nf8 {[%clk 1:31:25]} 13. g3 {[%clk 1:22:06]} h3
{[%clk 1:26:52]} 14. g4 {[%clk 1:22:27]} Be6 {[%clk 1:23:45]} 15. Kb1
{[%clk 1:17:49]} b5 {[%clk 1:19:34]} 16. Ng1 {[%clk 1:16:20]} Bd5
{[%clk 1:12:57]} 17. Be4 {[%clk 1:16:31]} a5 {[%clk 1:06:27]} 18. Nxh3
{[%clk 1:15:34]} Ne6 {[%clk 1:00:22]} 19. Nf2 {[%clk 1:14:23]} Nf4
{[%clk 0:52:28]} 20. h4 {[%clk 1:09:12]} g6 {[%clk 0:46:07]} 21. Bxf4
{[%clk 1:01:11]} Bxf4 {[%clk 0:45:48]} 22. Bxd5 {[%clk 0:58:53]} cxd5
{[%clk 0:44:58]} 23. Nh3 {[%clk 0:56:47]} Qd6 {[%clk 0:41:54]} 24. g5
{[%clk 0:51:30]} f5 {[%clk 0:33:13]} 25. h5 {[%clk 0:43:16]} Kg7 {[%clk 0:31:51]}
26. hxg6 {[%clk 0:32:58]} fxg6 {[%clk 0:32:08]} 27. Nxf4 {[%clk 0:32:10]} Qxf4
{[%clk 0:32:31]} 28. Qh2 {[%clk 0:32:16]} Qxh2 {[%clk 0:30:25]} 29. Rxh2
{[%clk 0:32:32]} Rh8 {[%clk 0:26:26]} 30. Rdh1 {[%clk 0:29:44]} Rxh2
{[%clk 0:25:04]} 31. Rxh2 {[%clk 0:30:09]} Re8 {[%clk 0:25:27]} 32. f4
{[%clk 0:28:36]} Re1+ {[%clk 0:25:38]} 33. Kc2 {[%clk 0:28:49]} Rf1
{[%clk 0:25:55]} 34. Rh4 {[%clk 0:28:33]} a4 {[%clk 0:24:17]} 35. b3
{[%clk 0:23:14]} Rf2+ {[%clk 0:24:10]} 36. Kb1 {[%clk 0:21:35]} a3
{[%clk 0:23:32]} 37. Rh1 {[%clk 0:10:37]} Rxf4 {[%clk 0:23:12]} 38. Re1
{[%clk 0:10:03]} Re4 {[%clk 0:19:56]} 39. Rxe4 {[%clk 0:06:44]} fxe4
{[%clk 0:19:57]} 40. Kc2 {[%clk 0:06:17]} Kf7 {[%clk 0:20:13]} 41. Kd2
{[%clk 0:06:02]} Ke6 {[%clk 0:20:34]} 42. Ke3 {[%clk 0:02:28]} Kf5
{[%clk 0:20:57]} 43. c4 {[%clk 0:02:35]} bxc4 {[%clk 0:18:16]} 44. bxc4
{[%clk 0:02:57]} dxc4 {[%clk 0:18:42]} 45. d5 {[%clk 0:03:24]} c3
{[%clk 0:18:19]} 0-1

[Event "PMPJ 2022 - C15"]
[Site "Jastrzebia Gora"]
[Date "2022.11.12"]
[Round "8.12"]
[White "Krasniewski, Maciej"]
[Black "Niemczyk, Krzysztof"]
[Result "1/2-1/2"]
[BlackElo "1575"]
[WhiteElo "1619"]
[LiveChessVersion "1.4.4"]

1. d4 {[%clk 1:30:58]} Nf6 {[%clk 1:30:57]} 2. c4 {[%clk 1:31:22]} e6
{[%clk 1:31:24]} 3. Nf3 {[%clk 1:31:47]} b6 {[%clk 1:31:49]} 4. g3
{[%clk 1:32:13]} Bb7 {[%clk 1:32:15]} 5. Bg2 {[%clk 1:32:41]} d5 {[%clk 1:32:33]}
6. O-O Bd6 {[%clk 1:32:09]} 7. Nc3 {[%clk 1:32:59]} O-O 8. cxd5 {[%clk 1:32:40]}
Nxd5 {[%clk 1:29:08]} 9. Re1 {[%clk 1:31:30]} Nxc3 {[%clk 1:27:50]} 10. bxc3
{[%clk 1:31:55]} Nd7 {[%clk 1:28:04]} 11. e4 {[%clk 1:31:52]} e5 {[%clk 1:21:39]}
12. Qb3 {[%clk 1:30:12]} h6 {[%clk 1:17:02]} 13. Bb2 {[%clk 1:29:34]} Re8
{[%clk 1:16:55]} 14. Nh4 {[%clk 1:29:10]} Qg5 {[%clk 1:08:25]} 15. Rad1
{[%clk 1:21:33]} Rad8 {[%clk 0:55:32]} 16. Bc1 {[%clk 1:18:29]} Qe7
{[%clk 0:49:58]} 17. Nf5 {[%clk 1:17:50]} Qe6 {[%clk 0:45:15]} 18. d5
{[%clk 1:15:46]} Qg6 {[%clk 0:44:43]} 19. Nh4 {[%clk 1:11:12]} Qf6
{[%clk 0:44:28]} 20. Re3 {[%clk 1:11:16]} Nc5 {[%clk 0:42:30]} 21. Qc2
{[%clk 1:11:13]} Bc8 {[%clk 0:41:26]} 22. Rf1 {[%clk 1:04:59]} g5
{[%clk 0:38:01]} 23. Rf3 {[%clk 1:05:08]} Qg7 {[%clk 0:37:26]} 24. Nf5
{[%clk 1:05:34]} Qg6 {[%clk 0:37:53]} 25. h4 {[%clk 1:03:32]} f6 {[%clk 0:32:16]}
26. hxg5 {[%clk 0:52:43]} hxg5 {[%clk 0:32:23]} 27. g4 {[%clk 0:53:06]} Kf7
{[%clk 0:30:52]} 28. Re1 {[%clk 0:40:48]} Rh8 {[%clk 0:23:42]} 29. Ree3
{[%clk 0:40:37]} Rh7 {[%clk 0:23:27]} 30. Bh3 {[%clk 0:24:43]} Rdh8
{[%clk 0:20:42]} 31. Kg2 {[%clk 0:24:06]} Ba6 {[%clk 0:19:51]} 32. c4
{[%clk 0:23:01]} Bb7 {[%clk 0:19:02]} 33. Ba3 {[%clk 0:21:37]} Ra8
{[%clk 0:07:26]} 34. Ng3 {[%clk 0:14:32]} Kg8 {[%clk 0:06:58]} 35. Nh5
{[%clk 0:14:46]} Rf7 {[%clk 0:07:23]} 36. Re1 {[%clk 0:07:54]} Bc8
{[%clk 0:06:02]} 37. Ng3 {[%clk 0:07:56]} Bd7 {[%clk 0:05:42]} 38. Nf5
{[%clk 0:07:58]} Rh7 {[%clk 0:05:02]} 39. Nxd6 cxd6 1/2-1/2

[Event "PMPJ 2022 - C15"]
[Site "Jastrzebia Gora"]
[Date "2022.11.12"]
[Round "8.13"]
[White "Nowak, Maciej"]
[Black "Sniadecki, Oskar"]
[Result "1/2-1/2"]
[BlackElo "1615"]
[WhiteElo "1389"]
[LiveChessVersion "1.4.4"]

1. e4 {[%clk 1:30:57]} d5 {[%clk 1:30:52]} 2. exd5 {[%clk 1:31:06]} Qxd5
{[%clk 1:31:17]} 3. Nc3 {[%clk 1:31:18]} Qd6 {[%clk 1:31:42]} 4. d4
{[%clk 1:29:53]} Nf6 {[%clk 1:31:57]} 5. Nf3 {[%clk 1:28:30]} a6 {[%clk 1:31:57]}
6. Be3 {[%clk 1:27:38]} Nc6 {[%clk 1:30:44]} 7. Be2 {[%clk 1:26:12]} Bg4
{[%clk 1:27:01]} 8. h3 {[%clk 1:22:28]} Bh5 {[%clk 1:23:10]} 9. O-O
{[%clk 1:21:50]} e6 {[%clk 1:23:28]} 10. Re1 {[%clk 1:19:11]} Be7
{[%clk 1:17:50]} 11. Qd2 {[%clk 1:15:12]} O-O {[%clk 1:14:39]} 12. Bf4
{[%clk 1:11:24]} Qd7 {[%clk 1:11:40]} 13. Ne5 {[%clk 1:08:35]} Qe8
{[%clk 0:59:24]} 14. Nxc6 {[%clk 0:58:34]} Qxc6 {[%clk 0:59:31]} 15. d5
{[%clk 0:57:53]} Qb6 {[%clk 0:53:14]} 16. dxe6 {[%clk 0:45:47]} fxe6
{[%clk 0:53:12]} 17. Na4 {[%clk 0:44:36]} Qc6 {[%clk 0:52:57]} 18. Nc3
{[%clk 0:41:09]} Bc5 {[%clk 0:47:00]} 19. Be3 {[%clk 0:33:47]} Rad8
{[%clk 0:45:06]} 20. Qc1 {[%clk 0:29:08]} e5 {[%clk 0:38:07]} 21. Bxc5
{[%clk 0:25:50]} Qxc5 {[%clk 0:37:49]} 22. Qe3 {[%clk 0:24:54]} Qxe3
{[%clk 0:37:54]} 23. Bc4+ {[%clk 0:24:21]} Kh8 {[%clk 0:38:00]} 24. Rxe3
{[%clk 0:24:37]} Rd2 {[%clk 0:37:42]} 25. Bb3 {[%clk 0:23:08]} Bg6
{[%clk 0:30:29]} 26. Rc1 {[%clk 0:21:35]} e4 {[%clk 0:23:17]} 27. Re2
{[%clk 0:19:06]} Rfd8 {[%clk 0:23:25]} 28. Rxd2 {[%clk 0:18:57]} Rxd2
{[%clk 0:23:42]} 29. Rd1 {[%clk 0:19:10]} Rxd1+ {[%clk 0:23:00]} 30. Nxd1
{[%clk 0:19:39]} Be8 {[%clk 0:21:02]} 31. Kf1 {[%clk 0:19:12]} g5
{[%clk 0:20:56]} 32. Ke2 {[%clk 0:18:40]} Kg7 {[%clk 0:21:14]} 33. Ke3
{[%clk 0:17:03]} c5 {[%clk 0:20:00]} 34. Nc3 {[%clk 0:14:48]} Bc6
{[%clk 0:19:58]} 35. Be6 {[%clk 0:14:47]} b5 {[%clk 0:09:49]} 36. Bf5
{[%clk 0:14:05]} b4 {[%clk 0:10:05]} 37. Nxe4 {[%clk 0:09:28]} Bxe4
{[%clk 0:07:24]} 38. Bxe4 {[%clk 0:09:49]} Nd7 {[%clk 0:07:37]} 39. Bd3
{[%clk 0:09:37]} a5 {[%clk 0:06:06]} 40. Ke4 {[%clk 0:07:50]} Nb6
{[%clk 0:06:08]} 41. Ke5 {[%clk 0:06:29]} c4 {[%clk 0:05:34]} 42. Be2
{[%clk 0:05:36]} Na4 {[%clk 0:04:05]} 43. b3 {[%clk 0:04:47]} Nc3
{[%clk 0:04:07]} 44. Bxc4 {[%clk 0:05:09]} Nxa2 {[%clk 0:04:33]} 45. Kd4
{[%clk 0:04:56]} Kf6 {[%clk 0:04:04]} 46. Bd3 {[%clk 0:04:40]} h5
{[%clk 0:03:25]} 47. g4 {[%clk 0:05:01]} h4 {[%clk 0:03:50]} 48. Be4
{[%clk 0:03:53]} Nc3 {[%clk 0:03:39]} 49. Bf3 {[%clk 0:03:56]} Ke6
{[%clk 0:03:57]} 50. Ke4 {[%clk 1:30:30]} 1/2-1/2